Numbers / (Record no. 59161)

MARC details
000 -LEADER
fixed length control field 00501nam a22001577a 4500
005 - DATE AND TIME OF LATEST TRANSACTION
control field 2011120801101.0
020 ## - INTERNATIONAL STANDARD BOOK NUMBER
International Standard Book Number 9781593394264
037 ## - SOURCE OF ACQUISITION
Source of stock number/acquisition PUB
245 ## - TITLE STATEMENT
Title Numbers /
Statement of responsibility, etc illustrated by Carrie Hartman
260 ## - PUBLICATION, DISTRIBUTION, ETC. (IMPRINT)
Place of publication, distribution, etc New Delhi
Name of publisher, distributor, etc Encyclopaedia Britannica
Date of publication, distribution, etc 2008
300 ## - PHYSICAL DESCRIPTION
Extent V10 (64p.)
Dimensions 25cm (Hb)
Other physical details ill.
490 ## - SERIES STATEMENT
Series statement Britannica discovery library
-- 36696
700 ## - ADDED ENTRY--PERSONAL NAME
Personal name Hartman, Carrie
9 (RLIN) 36697
942 ## - ADDED ENTRY ELEMENTS (KOHA)
Source of classification or shelving scheme Dewey Decimal Classification
Item type Children Books
Call number suffix NUM
Holdings
Withdrawn status Lost status Materials specified (bound volume or other part) Not for loan Home library Current library Date acquired Full call number Koha item type Public note
    v.10 Ordered Andrews Gunj Andrews Gunj 08/12/2011 NUM Children Books v.10

© Delhi Public Library
Hit Counter
free hit counter